La methode axiomatique

Αποθηκεύτηκε σε:
Λεπτομέρειες βιβλιογραφικής εγγραφής
Κύριος συγγραφέας: Gonseth, Ferdinand, 1890-1975
Συγγραφή απο Οργανισμό/Αρχή: Societe Mathematique de France
Μορφή: Βιβλίο
Γλώσσα:French
Δημοσίευση: Paris : Gauthier-Villars ; Imprimeur-Libraire, 1938
Θέματα:
Ετικέτες: Προσθήκη ετικέτας
Δεν υπάρχουν, Καταχωρήστε ετικέτα πρώτοι!

MARC

LEADER 00000cam a2200000 a 4500
001 1/108127
008 150825s1938####fr | ||| |||| ||fre||
040 |a GR-MyUa  |b gre  |c GR-MyUa  |e AACR2 
041 0 |a fre 
082 7 |a 516   |2 (23) 
100 1 |a Gonseth, Ferdinand,   |d 1890-1975. 
245 1 2 |a La methode axiomatique /   |c par F. Gonseth. 
260 |a Paris :   |b Gauthier-Villars ; Imprimeur-Libraire,   |c 1938 
300 |a 21 σ. ;   |c 25 εκ.  
500 |a Conference de la Reunion internationale des Mathematiciens, tenue a Paris en Juillet 1937. 
650 0 |a Axioms. 
650 0 |a Mathematics  |x Philosophy. 
710 2 |a Societe Mathematique de France. 
852 |a INST  |b SAMOS  |c MAG  |e 20150825  |h 516 GON  |p 005300035781  |q 005300035781  |t BK  |y 0 
970 |a Σιτζίμη  |b Γιασεμή  |z 25/08/2015